Modern American Dramas (Record no. 7598)
[ view plain ]
| 000 -LEADER | |
|---|---|
| fixed length control field | 00586nam a2200145 4500 |
| 050 ## - CALL NUMBER | |
| Classification number | PS634 |
| Item number | .M72 |
| 100 ## - AUTHOR | |
| Personal name | Hatcher Harlan |
| 245 ## - TITLE | |
| Title | Modern American Dramas |
| Statement of responsibility, etc | Harlan Hatcher |
| 250 ## - EDITION | |
| Edition statement | New Edition |
| 260 ## - PUBLICATION INFORMATION | |
| Place of publication | USA |
| Name of publisher | Harcourt, Brace & World, INC |
| Year of publication | 1949 |
| 300 ## - DESCRIPTION | |
| Number of Pages | vi. 378 p. |
| Dimensions | 24 cm |
| 505 ## - FORMATTED CONTENTS NOTE | |
| Table of Content | Modern African Drama<br/>The Emperor Jones<br/>The Adding Machine<br/>Winterset<br/>Abe Lincoln in Illinois<br/>The time of Your life<br/>The Glass Menagerie<br/>All my Sons<br/>Mister Roberts<br/>Student's Bibliography<br/>Plays By Dramatists Represented In This Volume |
| 650 ## - SUBJECTS | |
| Topical Term | Reading |
| 942 ## - ADDED ENTRY ELEMENTS (KOHA) | |
| Koha item type | Books |
| Withdrawn status | Lost status | Collection code | Home library | Current library | Shelving location | Date acquired | Full call number | Accession Number | Koha item type |
|---|---|---|---|---|---|---|---|---|---|
| Reference | Methodist University Library Main | Methodist University Library Main | General Stacks | 11/11/2013 | PS634 .M72 | 39233 | Books |